Team in Common Quiz Stats

Quiz Updated May 19, 2014

Also try: Team in Common II
Challenge
Share
Tweet
Embed
Score 0/30 Timer 05:00
1 Play Today
Players Team % Correct
Brett Favre, Ed White, Norm SneadMinnesota Vikings
90.4%
Vince Carter, T.J. Ford, Andrea BargnaniToronto Raptors
80.2%
Chris Johnson, Steve McNair, Bruce MatthewsTennessee Titans
79.7%
Tom Mack, Jackie Slater, Torry HoltSt. Louis Rams
78.3%
Mario Lemieux, Sidney Crosby, Brooks OrpikPittsburgh Penguins
76%
Julius Erving, Tim Bassett, Jason KiddNew Jersey Nets
76%
Alex Ovechkin, Alexander Semin, Jim CareyWashington Capitals
75.9%
Kyle Orton, Tony Dorsett, Floyd LittleDenver Broncos
75.7%
Jerry Sloan, Steve Kerr, Ben GordonChicago Bulls
75.3%
Dhani Jones, Jon Kitna, Boomer EsiasonCincinnati Bengals
74.3%
Eric Dickerson, Jim Harbaugh, Austin CollieIndianapolis Colts
73.9%
Edgar Rentería, Dan Uggla, Juan PierreFlorida Marlins
71.4%
Ryan Grant, Don Hutson, Bart StarrGreen Bay Packers
69.6%
Wayne Gretzky, Al Hamilton, Chris ProngerEdmonton Oilers
66.7%
Corey Dillon, Bob Dee, Matt LightNew England Patriots
65.8%
Players Team % Correct
Josh Smith, Pete Maravich, Danny ManningAtlanta Hawks
60.8%
Brett Hull, Nicklas Lidstrom, Darren HelmDetroit Red Wings
60.6%
Kevin Millwood, Tris Speaker, Shin-Soo ChooCleveland Indians
60.3%
Leonard Weaver, Reggie White, Pete PihosPhiladelphia Eagles
56.9%
Adam Morrison, Theo Ratliff, Raymond FeltonCharlotte Hornets
52.2%
Thabo Sefolosha, Earl Watson, Jeff GreenOklahoma City Thunder
51.9%
David Bell, David Segui, John OlerudSeattle Mariners
50.4%
Tyson Chandler, Bobby Jackson, James PoseyNew Orleans Hornets
48.9%
Ryan Gomes, Raef LaFrentz, Bob CousyBoston Celtics
47.8%
Omar Vizquel, Alfonso Soriano, Mike HargroveTexas Rangers
46.6%
Ron Hansen, Eddie Murray, Luke ScottBaltimore Orioles
45.8%
Javier Vázquez, Craig Counsell, Troy GlausArizona Diamondbacks
45%
Randy Winn, Gaylord Perry, Russ OrtizSan Francisco Giants
41.8%
Dominik Hasek, Miroslav Satan, Craig RivetBuffalo Sabres
41.5%
Frank White, Bud Black, Yuniesky BetancourtKansas City Royals
36%

You're not logged in!

Compare scores with friends on all Sporcle quizzes.
Sign Up with Email
OR
Log In

You Might Also Like...

Show Comments

Extras

Top Quizzes Today


Score Distribution

Your Account Isn't Verified!

In order to create a playlist on Sporcle, you need to verify the email address you used during registration. Go to your Sporcle Settings to finish the process.

Report this User

Report this user for behavior that violates our Community Guidelines.

Details: